Préfixes de verbes en "venir" - Mort Subite - Statistiques

Statistiques générales
  • Ce quiz a été pris 175 fois
  • Le résultat moyen est 7 sur 12
Answers on the Grid
Answers color-coded by a green-red scale on the quiz's grid according to % correct below.
De
Par
Sur
Sou
Inter
Con
Ad
Contre
Re
Pré
Pro
Sub
A
En
In
Appar
Entre
Post
Ob
Ab
Anté
Dys
Épi
 
Statistiques - réponses
Réponse % Correct
De
69%
Re
69%
Sub
68%
Pré
67%
Par
65%
Sur
65%
Con
64%
Inter
63%
Sou
60%
Ad
58%
Pro
52%
Contre
26%
Aucun quiz correspondant
Distribution des résultats
% des personnes avec chaque résultat
Percentile par nombre de réponses
Votre historique - résultats
Vous n’avez pas pris ce quiz